000 00675nam a2200241Ia 4500
003 OSt
005 20220923214758.0
006 a|||||r|||| 00| 0
007 ta
008 220922b |||||||| |||| 00| 0 hin d
024 _a172,661
037 _cTextual
040 _aARTS
_cARTS
_bhin
041 _2hin
_ahin
082 _aO152,3NMAx, J5
100 _aमार्कण्डेय
245 0 _aमहुए का पेड़
246 _ahinue kā peड़
260 _c1955
650 _aहिन्दी साहित्य
_9156264
942 _hO152,3NMAx, J5
_cTEXL
_2CC
999 _c326669
_d326669